[Event "RUS-chT Blitz (Women)"]
[Site "Sochi"]
[Date "2022.10.17"]
[Round "10.12"]
[White "Borisova, Ekaterina"]
[Black "Fedorova, Olesya"]
[Result "0-1"]
[WhiteElo "2234"]
[BlackElo "1868"]
[PlyCount "199"]
[EventDate "2022.10.17"]
[EventType "team-swiss (blitz)"]
[EventRounds "11"]
[EventCountry "RUS"]
[SourceTitle "CBM 210 Extra"]
[Source "ChessBase"]
[SourceDate "2022.11.30"]
[SourceVersion "1"]
[SourceVersionDate "2022.11.30"]
[SourceQuality "1"]
[WhiteTeam "Moscow ShSM (W)"]
[BlackTeam "Moscow MGFSO (W)"]
[WhiteTeamCountry "RUS"]
[BlackTeamCountry "RUS"]

1. d4 Nf6 2. c4 b6 3. f3 Bb7 4. e4 d6 5. Nc3 Nbd7 6. Be3 e6 7. Nge2 c5 8. d5 exd5 9. cxd5 Be7 10. Ng3 0-0 11. Be2 Re8 12. 0-0 a6 13. a4 Bf8 14. Qd2 Qc7 15. Rac1 Ne5 16. h3 Ng6 17. Rfe1 Bc8 18. b4 Bd7 19. bxc5 bxc5 20. f4 Qa5 21. Bf3 Rab8 22. Rb1 Nh4 23. Kh2 Nxf3+ 24. gxf3 Rxb1 25. Rxb1 Qc7 26. Nge2 Rb8 27. Rxb8 Qxb8 28. f5 Qb4 29. Qd3 Bxa4 30. Qxa6 Bd7 31. Bf4 Qb8 32. Kg2 Nh5 33. Bh2 Be7 34. Qa2 h6 35. Qb1 Qxb1 36. Nxb1 Nf6 37. Nd2 Ne8 38. Nc4 f6 39. Nf4 Bb5 40. Na3 Ba6 41. Ne6 Kf7 42. Kf2 Bd3 43. Ke3 Bf1 44. h4 Ba6 45. Bg3 Bf1 46. Be1 Ba6 47. Ba5 g6 48. fxg6+ Kxg6 49. Nf4+ Kf7 50. Nb1 f5 51. Nc3 fxe4 52. Nxe4 Bxh4 53. Ne6 Be7 54. f4 Ng7 55. Nd8+ Ke8 56. Nc6 Bc4 57. Nc3 Kd7 58. Ke4 Bb3 59. Nxe7 Kxe7 60. f5 Bc2+ 61. Kf4 Bxf5 62. Bc7 Bh3 63. Nb5 Ne8 64. Bb8 Bg2 65. Nc3 Nf6 66. Nb5 Nxd5+ 67. Kg3 Bf1 68. Bxd6+ Kd7 69. Bxc5 Bxb5 70. Bf8 h5 71. Kh4 Be2 72. Bh6 Ke6 73. Bc1 Kf5 74. Bd2 Ne7 75. Bc1 Ng6+ 76. Kh3 Bg4+ 77. Kg3 h4+ 78. Kh2 Ke4 79. Bg5 h3 80. Kg3 Bc8 81. Bc1 Nf8 82. Bd2 Nh7 83. Bc1 Nf6 84. Bb2 Nh5+ 85. Kh2 Kf3 86. Be5 Nf4 87. Bd6 Ne2 88. Bc7 Nc3 89. Bd6 Ne4 90. Bb8 Nf6 91. Bc7 Ne4 92. Bb8 Nd2 93. Bc7 Nf1+ 94. Kg1 Ne3 95. Kh2 Kg4 96. Bb8 Bb7 97. Bc7 Nd5 98. Bb8 Nf6 99. Bc7 Nh7 100. Bd8 0-1

[Event "Moscow-ch final (Women)"]
[Site "Moscow"]
[Date "2020.09.20"]
[Round "6"]
[White "Fedorova, Olesya"]
[Black "Strukova, Ksenia"]
[Result "1/2-1/2"]
[WhiteElo "1552"]
[BlackElo "1978"]
[PlyCount "135"]
[EventDate "2020.09.13"]
[EventType "tourn"]
[EventRounds "7"]
[EventCountry "RUS"]
[SourceTitle "CBM 198 Extra"]
[Source "ChessBase"]
[SourceDate "2020.11.30"]
[SourceVersion "1"]
[SourceVersionDate "2020.11.30"]
[SourceQuality "1"]

1. d4 Nf6 2. Nf3 g6 3. Nbd2 d5 4. e3 Bg7 5. b4 b6 6. Ba3 0-0 7. c4 dxc4 8. Bxc4 Bb7 9. 0-0 e6 10. b5 Re8 11. Bb2 Nbd7 12. Rc1 h5 13. Qe2 Rc8 14. Rfd1 Qe7 15. Bd3 Nd5 16. Nc4 a6 17. a4 axb5 18. axb5 Ra8 19. Ra1 Rec8 20. Qd2 Qb4 21. Be2 Bf8 22. Qxb4 Nxb4 23. Nfe5 Nxe5 24. Nxe5 Bd6 25. Bf3 Bxf3 26. Nxf3 Ra5 27. Rxa5 bxa5 28. Ra1 Ra8 29. Ra4 Nd5 30. Nd2 Nb6 31. Ra1 a4 32. Nb1 Ra5 33. Na3 Bxa3 34. Bxa3 Rxb5 35. Kf1 Nd5 36. Ke2 f6 37. Kd3 Rb3+ 38. Kc2 Rc3+ 39. Kb2 Rb3+ 40. Kc2 Rb5 41. Bc5 Ra5 42. e4 Nf4 43. g3 Nh3 44. f3 Ng5 45. Ra3 e5 46. Bb4 Rb5 47. Bd2 exd4 48. Bxg5 Rxg5 49. Rxa4 Rc5+ 50. Kd3 Rc3+ 51. Kxd4 Rxf3 52. Ra8+ Kg7 53. Ra7 Rf2 54. Rxc7+ Kh6 55. h4 Rf3 56. Rc3 Rf1 57. Ke3 g5 58. hxg5+ Kxg5 59. Ke2 Ra1 60. Kf3 Ra5 61. Rd3 Ra8 62. Rd5+ Kg6 63. Kf4 Ra1 64. Kf3 Rf1+ 65. Ke2 Rh1 66. Kf3 Rb1 67. Rc5 Rb4 68. Rd5 1/2-1/2

[Event "Moscow-ch final (Women)"]
[Site "Moscow"]
[Date "2020.09.19"]
[Round "5"]
[White "Miroshnik, Ekaterina"]
[Black "Fedorova, Olesya"]
[Result "1/2-1/2"]
[WhiteElo "2139"]
[BlackElo "1552"]
[PlyCount "207"]
[EventDate "2020.09.13"]
[EventType "tourn"]
[EventRounds "7"]
[EventCountry "RUS"]
[SourceTitle "CBM 198 Extra"]
[Source "ChessBase"]
[SourceDate "2020.11.30"]
[SourceVersion "1"]
[SourceVersionDate "2020.11.30"]
[SourceQuality "1"]

1. Nf3 Nf6 2. b3 e6 3. Bb2 b6 4. e3 Bb7 5. Be2 d5 6. 0-0 Nbd7 7. a4 a5 8. d4 Be7 9. Bd3 0-0 10. Nc3 Rc8 11. Qe2 c5 12. Nb5 cxd4 13. exd4 Nb8 14. Na7 Rc7 15. Ne5 Nc6 16. Naxc6 Bxc6 17. Qf3 Nd7 18. Qh3 g6 19. Nxc6 Rxc6 20. Rae1 Bf6 21. Qg4 Rc8 22. g3 Nc5 23. dxc5 Bxb2 24. cxb6 Qxb6 25. Qd1 Bd4 26. Kg2 Bc3 27. Re2 Qd4 28. f4 Rce8 29. Ref2 e5 30. fxe5 Rxe5 31. Re2 Rxe2+ 32. Qxe2 Qe5 33. Qf3 Kg7 34. Rf2 Bb4 35. Re2 Qd6 36. Re3 Bd2 37. Re2 Bb4 38. Bb5 Rc8 39. Rf2 Rc7 40. Re2 Rc3 41. Bd3 Rc8 42. Qg4 Rd8 43. Qd4+ Qf6 44. Qa7 Qc3 45. Rf2 Rf8 46. Qd7 Qc5 47. Bb5 Qd6 48. Qxd6 Bxd6 49. Rd2 Rc8 50. Ba6 Rc3 51. Bd3 Bb4 52. Re2 Rc7 53. Re5 d4 54. Rd5 Bc3 55. Rd8 Re7 56. Rc8 Bb4 57. Kf2 Be1+ 58. Kf3 Bd2 59. Be4 Bc3 60. Rc5 Bb4 61. Rc4 Bc3 62. Bd3 Re3+ 63. Kf2 Re7 64. Rc6 Be1+ 65. Kf3 Bc3 66. Bc4 Bb4 67. Bd3 Bc3 68. Rc5 Bb4 69. Rd5 Bc3 70. Kf2 Be1+ 71. Kf1 Bc3 72. b4 Bxb4 73. Rxd4 Re1+ 74. Kg2 Ra1 75. Kh3 Re1 76. Rc4 Re3 77. Kg2 Re7 78. Rc6 Rd7 79. Kf3 Bd6 80. Ke3 Bc7 81. c4 f5 82. Ra6 Kf7 83. c5 Re7+ 84. Kd4 Rd7+ 85. Ke3 Re7+ 86. Kf3 Rd7 87. Bc4+ Kg7 88. Re6 Kf8 89. Bb5 Re7 90. Ra6 Kg7 91. Bd3 Re5 92. Rc6 Re7 93. Bc4 Kf8 94. Kf2 Kg7 95. Be2 Be5 96. Kf1 Rc7 97. Rxc7+ Bxc7 98. Bc4 Kf6 99. Ke2 Ke5 100. Bg8 h6 101. Ke3 g5 102. Bb3 f4+ 103. gxf4+ gxf4+ 104. Kf3 1/2-1/2

[Event "RUS-chT U11 Girls"]
[Site "Sochi"]
[Date "2019.05.07"]
[Round "7.1"]
[White "Fedorova, Olesya"]
[Black "Goriachkina, Oksana"]
[Result "1-0"]
[WhiteElo "1515"]
[BlackElo "1254"]
[PlyCount "115"]
[EventDate "2019.05.10"]
[EventType "team-tourn"]
[EventRounds "9"]
[EventCountry "RUS"]
[SourceTitle "EXT 2022"]
[Source "ChessBase"]
[SourceDate "2021.10.06"]
[SourceVersion "1"]
[SourceVersionDate "2021.10.06"]
[SourceQuality "1"]

1. e4 c6 2. d4 d5 3. exd5 cxd5 4. Bd3 Nf6 5. c3 Bg4 6. Qa4+ Bd7 7. Qb3 Bc6 8. Nf3 Nbd7 9. 0-0 e6 10. Bf4 Be7 11. Nbd2 0-0 12. h3 Qb6 13. Qxb6 Nxb6 14. Ne5 Nfd7 15. Ndf3 Nxe5 16. Nxe5 Bf6 17. Rfe1 Bxe5 18. Bxe5 Nd7 19. f4 Nxe5 20. fxe5 b5 21. Kf2 a5 22. Rec1 Bd7 23. Ke3 h6 24. h4 f6 25. exf6 Rxf6 26. Rf1 Raf8 27. Rxf6 gxf6 28. Kf4 Kf7 29. Re1 Ke7 30. Re3 Rg8 31. Bf1 h5 32. Rg3 e5+ 33. Kf3 Bg4+ 34. Kf2 e4 35. Bxb5 Rb8 36. a4 f5 37. Ke3 Kd6 38. Kf4 Rg8 39. b3 Rc8 40. c4 dxc4 41. bxc4 Rc7 42. Rc3 Rc8 43. Ba6 Rc7 44. Rb3 Rc6 45. c5+ Kc7 46. Bb5 Rg6 47. Rg3 Rg8 48. d5 Rd8 49. d6+ Kc8 50. Rc3 Kb8 51. Ke5 Kc8 52. c6 f4 53. Ba6+ Kb8 54. c7+ Ka7 55. cxd8Q Kxa6 56. Rc6+ Kb7 57. Qc7+ Ka8 58. Ra6# 1-0

[Event "EU-ch U08 Girls 27th"]
[Site "Mamaia"]
[Date "2017.09.12"]
[Round "7"]
[White "Shukhman, Anna"]
[Black "Fedorova, Olesya"]
[Result "0-1"]
[WhiteElo "1583"]
[BlackElo "1534"]
[PlyCount "98"]
[EventDate "2017.09.05"]
[EventType "swiss"]
[EventRounds "9"]
[EventCountry "ROU"]
[SourceTitle "CBM 180 Extra"]
[Source "ChessBase"]
[SourceDate "2017.10.06"]
[SourceVersion "1"]
[SourceVersionDate "2017.10.06"]
[SourceQuality "1"]

1. e4 c5 2. Nf3 e6 3. d4 cxd4 4. Nxd4 a6 5. Bd3 Bc5 6. Nb3 Be7 7. 0-0 Nc6 8. Be3 Nf6 9. Nc3 d6 10. a4 0-0 11. a5 Bd7 12. Na4 Ne5 13. Nb6 Rb8 14. h3 Bc6 15. f4 Nxd3 16. cxd3 d5 17. e5 Nd7 18. Nxd7 Qxd7 19. Bc5 Rbc8 20. d4 Bb5 21. Rf3 Bc4 22. Bxe7 Bxb3 23. Qxb3 Qxe7 24. Rc3 Qd7 25. Rac1 h6 26. Qb4 Rfd8 27. Rc5 Re8 28. Qb6 Red8 29. R1c3 Rxc5 30. Rxc5 Rc8 31. Qd6 Qe8 32. b3 h5 33. Rxc8 Qxc8 34. Qc5 Qxc5 35. dxc5 Kf8 36. b4 Ke7 37. b5 Kd7 38. c6+ Kc7 39. bxa6 bxa6 40. g4 hxg4 41. hxg4 Kxc6 42. Kf2 g6 43. Ke3 Kb5 44. Kd4 Kxa5 45. f5 gxf5 46. gxf5 Kb5 47. Kc3 Kc5 48. fxe6 fxe6 49. Kd3 a5 0-1